International Economics: Trade and Finance / (Record no. 334)

000 -LEADER
fixed length control field 00524nam a2200169Ia 4500
008 - FIXED-LENGTH DATA ELEMENTS--GENERAL INFORMATION
fixed length control field 190805s9999||||xx |||||||||||||| ||und||
020 ## - INTERNATIONAL STANDARD BOOK NUMBER
International Standard Book Number 9788126552344
Terms of availability Rs. 819.00
082 04 - DEWEY DECIMAL CLASSIFICATION NUMBER
Classification number 337
Item number Sa388
100 1# - MAIN ENTRY--PERSONAL NAME
Personal name Salvatore, Dominick
245 10 - TITLE STATEMENT
Title International Economics: Trade and Finance /
250 ## - EDITION STATEMENT
Edition statement 11th ed.
260 ## - PUBLICATION, DISTRIBUTION, ETC. (IMPRINT)
Place of publication, distribution, etc New Delhi :
Name of publisher, distributor, etc Wiley India Pvt. Ltd,
Date of publication, distribution, etc 2014, reprinted 2017
300 ## - PHYSICAL DESCRIPTION
Extent xxxix, 757 p.
Other physical details :
Dimensions ; 24 cm.
650 #0 - SUBJECT ADDED ENTRY--TOPICAL TERM
Topical term or geographic name as entry element International trade
852 ## - LOCATION/CALL NUMBER
Location
942 ## - ADDED ENTRY ELEMENTS (KOHA)
Item type Books
Holdings
Withdrawn status Lost status Damaged status Not for loan Collection code Permanent location Current location Shelving location Date acquired Source of acquisition Cost, normal purchase price Full call number Barcode Date last seen Koha item type Public note
        Management Studies IMU Kochi Library IMU Kochi Library General Stacks 2018-02-07 Segment Book Distrubuters 819.00 337 Sa388 BK005129 2019-08-05 Books Gen. Shelf-4, Row-2
        Management Studies IMU Kochi Library IMU Kochi Library General Stacks 2018-02-07 Segment Book Distrubuters 819.00 337 Sa388 BK005130 2019-08-05 Books Gen. Shelf-4, Row-2
        Management Studies IMU Kochi Library IMU Kochi Library General Stacks 2018-02-07 Segment Book Distrubuters 819.00 337 Sa388 BK005131 2019-08-05 Books Gen. Shelf-4, Row-2
        Management Studies IMU Kochi Library IMU Kochi Library General Stacks 2018-02-07 Segment Book Distrubuters 819.00 337 Sa388 BK005128 2019-08-05 Books Gen. Shelf-4, Row-2


Copyright © All Rights Reserved by Indian Maritime University, Kochi Campus.
For any Suggestions/Query Contact to library or Email: library.kochi@imu.ac.in Ph:(0484)-2989402
(Web OPAC Designed by Rudra Ranjan. Maintained by IMU Kochi Library)

Powered by Koha